Central Library OPAC University of Rajshahi

Statistical methods in education and psychology / (Record no. 69784)

MARC details
000 -LEADER
fixed length control field 00866nam a2200277 a 4500
001 - CONTROL NUMBER
control field 69784
003 - CONTROL NUMBER IDENTIFIER
rucl marc code BD-RjUL
005 - DATE AND TIME OF LATEST TRANSACTION
control field 20211209081926.0
008 - FIXED-LENGTH DATA ELEMENTS--GENERAL INFORMATION
fixed length control field 170413m19961970enka bs 001 0 eng d
020 ## - INTERNATIONAL STANDARD BOOK NUMBER
International Standard Book Number 0205142125
035 ## - SYSTEM CONTROL NUMBER
System control number (BD-RjUL)69996
040 ## - CATALOGING SOURCE
Original cataloging agency DLC
Transcribing agency DLC
Modifying agency BD-RjUL
Language of cataloging eng
041 ## - LANGUAGE CODE
Language code of text/sound track or separate title eng
082 00 - DEWEY DECIMAL CLASSIFICATION NUMBER
Edition number 23
Classification number 519
Author mark and year GLS 1996
100 1# - MAIN ENTRY--PERSONAL NAME
Personal name Glass, Gene V.,
Dates associated with a name 1940-
9 (RLIN) 206695
245 10 - TITLE STATEMENT
Title Statistical methods in education and psychology /
Statement of responsibility, etc. Gene V. Glass and Kenneth D. Hopkins.
250 ## - EDITION STATEMENT
Edition statement 3rd ed.
260 ## - PUBLICATION, DISTRIBUTION, ETC. (IMPRINT)
Place of publication, distribution, etc. Boston :
Name of publisher, distributor, etc. Allyn and Bacon,
Date of publication, distribution, etc. c1996.
300 ## - PHYSICAL DESCRIPTION
Pagination xiv, 674 p. :
Illustrations ill. ;
Size 25 cm.
504 ## - BIBLIOGRAPHY, ETC. NOTE
Bibliography, etc Includes bibliographical references (p. 651-664) and indexes.
650 #0 - SUBJECT ADDED ENTRY--TOPICAL TERM
Topical term or geographic name as entry element Educational statistics.
9 (RLIN) 133401
Topical term or geographic name as entry element Psychometrics.
9 (RLIN) 206696
700 1# - ADDED ENTRY--PERSONAL NAME
Personal name Hopkins, Kenneth D.
942 ## - ADDED ENTRY ELEMENTS (KOHA)
Source of classification or shelving scheme Dewey Decimal Classification
Koha item type Books
Holdings
Lost status Source of classification or shelving scheme Damaged status Not for loan Collection code Permanent Location Current Location Shelving location Date acquired Source of acquisition Cost, normal purchase price Total Checkouts Full call number Date last seen Copy number Koha item type
  Dewey Decimal Classification   Not For Loan Non-fiction Central Library, University of Rajshahi Central Library, University of Rajshahi Reading Room 26/02/2008 Paragon Enterprise,Ltd 151.60   519 GLS 1996 13/04/2017 C-1 Books